| 000 | 00000nam 2200000za 4500 |
| 001 | 9.805649 |
| 003 | CaOODSP |
| 005 | 20221107135711 |
| 007 | cr ||||||||||| |
| 008 | 151106s2015 xxc|||||o f|0| 0 fre d |
| 020 | |a978-0-660-03784-4 |
| 040 | |aCaOODSP|bfre |
| 043 | |an-cn--- |
| 086 | 1 |aEn154-80/2015F-PDF |
| 100 | 1 |aCyr, Daniel. |
| 245 | 10|aRapport d'examen par des experts indépendants des renseignements techniques et scientifiques concernant le déversement d'effluent d'eaux usées non traitées dans le fleuve Saint-Laurent prévu par la Ville de Montréal |h[ressource électronique] / |c[par] Daniel Cyr, Robert Hausler, Viviane Yargeau. |
| 260 | |aGatineau, Quebec : |bEnvironnement Canada, |cc2015. |
| 300 | |a25 p. : |bfigs., tableaux, cartes. |
| 500 | |a30 octobre 2015. |
| 500 | |aPublié aussi en anglais sous le titre : Examination report by independent experts on the technical and scientific information regarding the planned discharge of untreated wastewater effluent into the St. Lawrence by the City of Montréal. |
| 504 | |aComprend des références bibliographiques. |
| 692 | 07|2gccst|aEaux usées |
| 700 | 1 |aHausler, Robert. |
| 700 | 1 |aYargeau, Viviane. |
| 710 | 1 |aCanada. |bEnvironnement Canada. |
| 775 | 08|tExamination report by independent experts on the technical and scientific information regarding the planned discharge of untreated wastewater effluent into the St. Lawrence by the City of Montréal |w(CaOODSP)9.805646 |
| 856 | 40|qPDF|s582 Ko|uhttps://publications.gc.ca/collections/collection_2015/ec/En154-80-2015-fra.pdf |